000
00303cam a2200133ua 4500
041
_a
eng
_h
082
_a
940
_b
SAC/HI
100
_a
Sacrum, Laetitlae .
245
_a
History of Europe /
_c
Laetitlae Sacrum.
_h
Textual Documents
300
_a
1376 ; .
504
_a
942
_c
BK
999
_c
6394
_d
6394